Social research methods / (Record no. 38449)
[ view plain ]
| 000 -LEADER | |
|---|---|
| fixed length control field | 02687cam a2200373 a 4500 |
| 003 - CONTROL NUMBER IDENTIFIER | |
| control field | OSt |
| 005 - DATE AND TIME OF LATEST TRANSACTION | |
| control field | 20150309161130.0 |
| 008 - FIXED-LENGTH DATA ELEMENTS--GENERAL INFORMATION | |
| fixed length control field | 110915s2012 nyua 001 0 eng |
| 010 ## - LIBRARY OF CONGRESS CONTROL NUMBER | |
| LC control number | 2011938966 |
| 015 ## - NATIONAL BIBLIOGRAPHY NUMBER | |
| National bibliography number | GBB1A5123 |
| Source | bnb |
| 015 ## - NATIONAL BIBLIOGRAPHY NUMBER | |
| National bibliography number | GBB1A5123 |
| Source | dnb |
| 016 7# - NATIONAL BIBLIOGRAPHIC AGENCY CONTROL NUMBER | |
| Record control number | 015884289 |
| Source | Uk |
| 020 ## - INTERNATIONAL STANDARD BOOK NUMBER | |
| International Standard Book Number | 9780199588053 (pbk.) |
| 020 ## - INTERNATIONAL STANDARD BOOK NUMBER | |
| International Standard Book Number | 0199588058 (pbk.) |
| 035 ## - SYSTEM CONTROL NUMBER | |
| System control number | (OCoLC)ocn751832004 |
| 040 ## - CATALOGING SOURCE | |
| Original cataloging agency | DLC |
| Language of cataloging | eng |
| Transcribing agency | DLC |
| Modifying agency | UKMGB |
| -- | DEBBG |
| -- | LOY |
| -- | PUL |
| -- | OCLCO |
| -- | UKBOL |
| -- | MUU |
| -- | SMI |
| 042 ## - AUTHENTICATION CODE | |
| Authentication code | pcc |
| 049 ## - LOCAL HOLDINGS (OCLC) | |
| Holding library | SMJB |
| Notes about holdings | csmr 20130715 |
| 050 00 - LIBRARY OF CONGRESS CALL NUMBER | |
| Classification number | H62 |
| Item number | .B787 2012 |
| 100 1# - MAIN ENTRY--PERSONAL NAME | |
| Personal name | Bryman, Alan. |
| 9 (RLIN) | 6155 |
| 245 10 - TITLE STATEMENT | |
| Title | Social research methods / |
| Statement of responsibility, etc | Alan Bryman. |
| 250 ## - EDITION STATEMENT | |
| Edition statement | 4th ed. |
| 260 ## - PUBLICATION, DISTRIBUTION, ETC. (IMPRINT) | |
| Place of publication, distribution, etc | Oxford ; |
| -- | New York : |
| Name of publisher, distributor, etc | Oxford University Press, |
| Date of publication, distribution, etc | 2012. |
| 300 ## - PHYSICAL DESCRIPTION | |
| Extent | xli, 766 p. : |
| Other physical details | ill. ; |
| Dimensions | 27 cm. |
| 500 ## - GENERAL NOTE | |
| General note | Text accompanied by a companion web site. |
| 504 ## - BIBLIOGRAPHY, ETC. NOTE | |
| Bibliography, etc | Includes bibliographical references (p. [718]-743) and indexes. |
| 505 0# - FORMATTED CONTENTS NOTE | |
| Formatted contents note | Part One: The nature and process of social research ; Social research strategies ; Research designs ; Planning a research project and formulating research questions ; Getting started: Reviewing the literature ; Ethics and politics in social research. -- Part Two: The nature of quantitative research ; Sampling ; Structured interviewing ; Self-completion questionnaires ; Asking questions ; Structured observation ; Content analysis ; Secondary analysis and official statistics ; Quantitative data analysis ; Using SPSS for Windows. -- Part Three: The nature of qualitative research ; Sampling in qualitative research ; Ethnography and participant observation ; Interviewing in qualitative research ; Focus groups ; Language in qualitative research ; Documents as sources of data ; Qualitative data analysis ; Computer-assisted qualitative data analysis: using NVivo. -- Part Four: Breaking down the quantitative/qualitative divide ; Mixed methods research: combining quantitative and qualitative research ; E-research: Internet research methods ; Writing up social research. |
| 520 8# - SUMMARY, ETC. | |
| Summary, etc | Now in its fourth edition, this textbook continues to provide students with explanation and demonstration of the main approaches and techniques in social research methods. It shows students how to assess the contexts within which different research methods may be used, and how they should be implemented. |
| 650 #0 - SUBJECT ADDED ENTRY--TOPICAL TERM | |
| Topical term or geographic name as entry element | Social sciences |
| General subdivision | Research. |
| 9 (RLIN) | 3129 |
| 650 #0 - SUBJECT ADDED ENTRY--TOPICAL TERM | |
| Topical term or geographic name as entry element | Social sciences |
| General subdivision | Methodology. |
| 9 (RLIN) | 2962 |
| 856 ## - ELECTRONIC LOCATION AND ACCESS | |
| Uniform Resource Identifier | <a href="http://bvbr.bib-bvb.de:8991/F?func=service&doc_library=BVB01&doc_number=024466548&line_number=0001&func_code=DB_RECORDS&service_type=MEDIA">http://bvbr.bib-bvb.de:8991/F?func=service&doc_library=BVB01&doc_number=024466548&line_number=0001&func_code=DB_RECORDS&service_type=MEDIA</a> |
| Public note | Inhaltsverzeichnis |
| 942 ## - ADDED ENTRY ELEMENTS (KOHA) | |
| Source of classification or shelving scheme | Library of Congress Classification |
| Koha item type | Long Loan Books |
| 949 ## - LOCAL PROCESSING INFORMATION (OCLC) | |
| l | stri |
| g | strimai |
| i | 39088016887507 |
| n | lc |
| t | book |
| Withdrawn status | Lost status | Source of classification or shelving scheme | Damaged status | Not for loan | Home library | Current library | Shelving location | Date acquired | Source of acquisition | Inventory number | Total Checkouts | Total Renewals | Full call number | Barcode | Date last seen | Date checked out | Copy number | Price effective from | Koha item type | Cost, normal purchase price |
|---|---|---|---|---|---|---|---|---|---|---|---|---|---|---|---|---|---|---|---|---|
| Library of Congress Classification | Main Campus Library | Main Campus Library | General Stacks | 03/13/2015 | purchase | 38 | 9 | H 62 .B787 2012 C1 | MRCL15030496 | 01/12/2026 | 12/11/2025 | C1 | 03/13/2015 | Short Loan Books | 5040.00 | |||||
| Library of Congress Classification | Main Campus Library | Main Campus Library | General Stacks | 03/13/2015 | purchase | 11 | 6 | H 62 .B787 2012 C2 | MRCL15030497 | 12/04/2023 | 08/16/2023 | C2 | 03/13/2015 | Long Loan Books | 5040.00 | |||||
| Library of Congress Classification | Nairobi Campus Library | Nairobi Campus Library | General Stacks | 03/09/2015 | purchase regent | 7389/15 | 5 | 1 | H 62 .B787 2012 | NBCL15030439 | 01/10/2019 | 11/09/2018 | 1 | 03/09/2015 | Long Loan Books | |||||
| Library of Congress Classification | Nairobi Campus Library | Nairobi Campus Library | General Stacks | 03/09/2015 | purchase regent | 7390/15 | 7 | H 62 .B787 2012 | NBCL15030440 | 03/28/2023 | 02/17/2023 | 2 | 03/09/2015 | Long Loan Books |